Smart Cities – Overview of Citizen Participation across Application Domains

Smart Cities - mestá, ktoré využívajú moderné informačné a komunikačné technológie (IKT) na zabezpečenie poskytovania verejných služieb svojim občanom. Koncept Smart Cities a prehľad o vývoji občianskej participácie medzi jednotlivými aplikačnými doménami. Zapojenie občanov do navrhovania a tvorby k...

Descrizione completa

Salvato in:
Dettagli Bibliografici
Autore principale: Rafaj, Oliver, 1989-
Altri autori: Rehák, Štefan, 1974-, Černěnko, Tomáš, 1981-
Natura: Capitolo di libro
Lingua:inglese
Soggetti:
Tags: Aggiungi Tag
Nessun Tag, puoi essere il primo ad aggiungerne!!

MARC

LEADER 00000naa a2200000 4500
001 0283095
005 20250311084848.8
041 0 |a eng 
044 |a CZ 
245 1 0 |a Smart Cities – Overview of Citizen Participation across Application Domains  |c Oliver Rafaj, Štefan Rehák, Tomáš Černěnko 
520 |a Smart Cities - mestá, ktoré využívajú moderné informačné a komunikačné technológie (IKT) na zabezpečenie poskytovania verejných služieb svojim občanom. Koncept Smart Cities a prehľad o vývoji občianskej participácie medzi jednotlivými aplikačnými doménami. Zapojenie občanov do navrhovania a tvorby konkrétnych verejných služieb vo vybraných aplikačných doménach. 
610 2 0 |a mestá inteligentné 
610 2 0 |a občania 
610 2 0 |a technológie komunikačné 
610 2 0 |a technológie informačné 
610 2 0 |a služby verejné 
100 1 |a Rafaj, Oliver, 1989- 
700 1 |a Rehák, Štefan, 1974- 
700 1 |a Černěnko, Tomáš, 1981-